<?xml version="1.0" encoding="UTF-8"?>
<collection xmlns="http://www.loc.gov/MARC21/slim">
 <record>
  <leader>01542nam a2200229Ia 4500</leader>
  <controlfield tag="001">TDMU_34385</controlfield>
  <controlfield tag="008">210410s9999    xx            000 0 und d</controlfield>
  <datafield tag="082" ind1=" " ind2=" ">
   <subfield code="a">658.02</subfield>
  </datafield>
  <datafield tag="090" ind1=" " ind2=" ">
   <subfield code="b">V201</subfield>
  </datafield>
  <datafield tag="100" ind1=" " ind2=" ">
   <subfield code="a">Vee, Jimmy</subfield>
  </datafield>
  <datafield tag="245" ind1=" " ind2="0">
   <subfield code="a">Gravitational marketing</subfield>
  </datafield>
  <datafield tag="245" ind1=" " ind2="4">
   <subfield code="b">the science of attracting customers</subfield>
  </datafield>
  <datafield tag="245" ind1=" " ind2="0">
   <subfield code="c">Jimmy Vee, Travis Miller, Joel Bauer ; assisted by Jennifer Miller</subfield>
  </datafield>
  <datafield tag="260" ind1=" " ind2=" ">
   <subfield code="a">Hoboken, N.J.</subfield>
  </datafield>
  <datafield tag="260" ind1=" " ind2=" ">
   <subfield code="b">John Wiley &amp; Sons</subfield>
  </datafield>
  <datafield tag="260" ind1=" " ind2=" ">
   <subfield code="c">2008</subfield>
  </datafield>
  <datafield tag="300" ind1=" " ind2=" ">
   <subfield code="a">xxxv, 236 p.</subfield>
  </datafield>
  <datafield tag="520" ind1=" " ind2=" ">
   <subfield code="a">Includes index; The laws of gravitational marketing. The power of gravity -- Anatomy of gravitational marketing -- How to be worthy of attraction -- The Newton in all of us -- The object of your attraction -- Increase your gravitational potential -- Creating irresistible attraction -- Gravitational marketing attraction techniques. Activate your gravitational attraction -- Attracting through personal effort -- Attracting through direct mail -- Attracting through print -- Attracting through free publicity -- Attracting through the internet -- Attracting through radio and television -- Epilogue</subfield>
  </datafield>
  <datafield tag="650" ind1=" " ind2=" ">
   <subfield code="a">Consumers</subfield>
   <subfield code="x">Psychology; Information behavior; Marketing</subfield>
   <subfield code="x">Psychological aspects; Marketing</subfield>
   <subfield code="x">Social aspects; Người tiêu dùng</subfield>
   <subfield code="x">Tâm lý; Hành vi thông tin; Quảng cáo</subfield>
   <subfield code="x">Yếu tố xã hội; Quảng cáo</subfield>
   <subfield code="x">Yếu tố tâm lý</subfield>
  </datafield>
  <datafield tag="700" ind1=" " ind2=" ">
   <subfield code="a">Bauer, Joel</subfield>
  </datafield>
  <datafield tag="856" ind1=" " ind2=" ">
   <subfield code="u">http://lrc.tdmu.edu.vn/opac/search/detail.asp?aID=2&amp;ID=34385</subfield>
  </datafield>
  <datafield tag="980" ind1=" " ind2=" ">
   <subfield code="a">Trung tâm Học liệu Trường Đại học Thủ Dầu Một</subfield>
  </datafield>
 </record>
</collection>
